Change and choice the development of private universities in Nigeria
Saved in:
| Main Author: | |
|---|---|
| Format: | Book |
| Language: | English |
| Published: |
Rawel Fortune Resources
2009
|
| Tags: |
Add Tag
No Tags, Be the first to tag this record!
|
MARC
| LEADER | 00000nam a22000007a 4500 | ||
|---|---|---|---|
| 008 | 210126b ||||| |||| 00| 0 eng d | ||
| 020 | |a 978-2120-97-9 | ||
| 100 | |a OSAGIE, Anthony U. | ||
| 245 | |a Change and choice |b the development of private universities in Nigeria |c Anthony U. Osagie |g xii; 206p. | ||
| 260 | |b Rawel Fortune Resources |c 2009 |d Books |h Benin City: |i 690719 |l LB2328.5 .C36 |m Private universities and colleges |m Education, Higher – Nigeria | ||
| 500 | |a “It includes index and appendices” | ||
| 942 | |a lcc |c BK |e Adekanye I. H. |f 26/01/2021 | ||
| 952 | |0 0 |1 0 |2 lcc |4 0 |6 LB23285 C36 |7 0 |9 1872 |a HOL |b HOL |c LP |d 2021-01-26 |l 0 |o LB2328.5 .C36 |p 2021-5739 |r 2021-01-26 00:00:00 |w 2021-01-26 |y BK | ||
| 999 | |c 981 |d 981 | ||